Au-delà des business plans : intégrer la subjectivité et la narration dans la relation entrepreneur-investisseur (notice n° 1872350)
[ vue normale ]
| 000 -LEADER | |
|---|---|
| fixed length control field | 01866cam a2200181 4500500 |
| 005 - DATE AND TIME OF LATEST TRANSACTION | |
| control field | 20260329012556.0 |
| 041 ## - LANGUAGE CODE | |
| Language code of text/sound track or separate title | fre |
| 042 ## - AUTHENTICATION CODE | |
| Authentication code | dc |
| 100 10 - MAIN ENTRY--PERSONAL NAME | |
| Personal name | Garcia, Eddy |
| Relator term | author |
| 245 00 - TITLE STATEMENT | |
| Title | Au-delà des business plans : intégrer la subjectivité et la narration dans la relation entrepreneur-investisseur |
| 260 ## - PUBLICATION, DISTRIBUTION, ETC. | |
| Date of publication, distribution, etc. | 2026.<br/> |
| 500 ## - GENERAL NOTE | |
| General note | 31 |
| 520 ## - SUMMARY, ETC. | |
| Summary, etc. | Dans la phase de due diligence (audit d’acquisition), les émotions joueraient un rôle déterminant dans les décisions d’investissement des Business Angels. Cet article montre comment l’association du Design Thinking, méthode de travail fondée sur l’empathie, et de la Méthode (C-K), outil de structuration des connaissances et des concepts, peut améliorer la communication entre entrepreneurs et investisseurs. Comment ces approches pourraient-elles réduire l’incertitude et nourrir un dialogue plus transparent en intégrant les aspects subjectifs ? Une grille de lecture opérationnelle articulant émotions et rationalité pourrait s’adapter aux réalités humaines. |
| 520 ## - SUMMARY, ETC. | |
| Summary, etc. | In the due diligence phase, emotions may play a decisive role in Business Angels’ investment decisions. This article shows how combining Design Thinking - a working method grounded in empathy - and the C-K Method, a tool for structuring knowledge and concepts, can improve communication between entrepreneurs and investors. How might these approaches reduce uncertainty and foster a more transparent dialogue by integrating subjective dimensions ? An operational framework articulating emotions and rationality could be adapted to human realities. |
| 700 10 - ADDED ENTRY--PERSONAL NAME | |
| Personal name | Stéphany, Éric |
| Relator term | author |
| 786 0# - DATA SOURCE ENTRY | |
| Note | Entreprendre & Innover | 67 | 4 | 2026-02-20 | p. 70-78 | 2034-7634 |
| 856 41 - ELECTRONIC LOCATION AND ACCESS | |
| Uniform Resource Identifier | <a href="https://shs.cairn.info/revue-entreprendre-et-innover-2025-4-page-70?lang=fr&redirect-ssocas=7080">https://shs.cairn.info/revue-entreprendre-et-innover-2025-4-page-70?lang=fr&redirect-ssocas=7080</a> |
Pas d'exemplaire disponible.




Réseaux sociaux